Desarrollo local y educación superior: experiencias desde la Universidad de la Habana

Bibliographic Details
Main Author: Núñez Jover, Jorge
Format: Section = Libro
Language:Undetermined
Spanish
Published: La Habana Editorial UH 2018
Subjects:
LEADER 00638nam a2200205Ia 4500
008 240829s9999 xx 000 0 und d
020 |a 978-959-7251-27-9 
040 |a BIBLIOTECA-RUSB/ 378 N972 
041 |a spa 
082 |a 378 N972 
100 1 |a Núñez Jover, Jorge 
245 1 0 |a Desarrollo local y educación superior: experiencias desde la Universidad de la Habana 
260 |a La Habana  |b Editorial UH  |c 2018 
300 |a 280 p. :il. 
650 7 |a ENSEÑANZA SUPERIOR-CUBA 
650 7 |b  DESARROLLO LOCAL 
650 7 |c  UNIVERSIDAD Y DESARROLLO LOCAL. Pérez Sánchez, América 
942 |c BK  |2 ddc 
991 |a TEXTO 
999 |c 1160